| 000 | 00968cam a2200289Ia 4500 | ||
|---|---|---|---|
| 001 | 43406 | ||
| 005 | 20230410120900.0 | ||
| 008 | 900814s1945 mx b 001 0 spa d | ||
| 035 | _a(OCoLC)ocm22219304 | ||
| 040 |
_aCUS _cCUS _dOCL _dDIBAM |
||
| 035 | _a(OCoLC)22219304 | ||
| 041 | 1 |
_aspa _heng |
|
| 050 | 1 | 4 |
_aJA 81 _bS116h 1945 |
| 100 | 1 |
_aSabine, George Holland, _d1880-1961. |
|
| 245 | 1 | 0 |
_aHistoria de la teoría política / _cGeorge H. Sabine ; traducción de Vicente Herrero. |
| 260 |
_aMéxico : _bFondo de Cultura Economica, _c1945. |
||
| 300 |
_a677 p. ; _c23 cm. |
||
| 500 | _a"Primera edición en español." | ||
| 500 | _aTranslation of: A history of political theory. | ||
| 504 | _aIncludes bibliographical references and index. | ||
| 650 | 0 |
_aPolitical science _xHistory. |
|
| 650 | 7 |
_aCIENCIAS POLITICAS _xHISTORIA. _2renib |
|
| 730 | 0 |
_aHistory of political theory. _lSpanish. |
|
| 942 |
_2lcc _cbk |
||
| 946 | _aclperez | ||
| 994 |
_aC0 _bDRFGD |
||
| 999 |
_c53704 _d53704 |
||